000 00300nam a22001337a 4500
008 170502b xxu||||| |||| 00| 0 eng d
020 _a2900735567985
041 _aeng
080 _24TH
_a34
100 _a14
101 _aSHJ
245 _aPROFESSIONAL RESPONSIBILITY
_cKLUWER, W
942 _2udc
_cBK
999 _c12459
_d12459